00221nam a2200097Ia 4500008004100000100001500041245003200056260001400088260000900102546001200111170619s9999 xx 000 0 und d aOwen- Mark 0aPractical Signal Processing bCambridge c2007 aENGLISH